International encyclopedia of human geography (Record no. 3954)

MARC details
000 -LEADER
fixed length control field 00400nam a22001457a 4500
008 - FIXED-LENGTH DATA ELEMENTS--GENERAL INFORMATION
fixed length control field 250624b |||||||| |||| 00| 0 eng d
020 ## - INTERNATIONAL STANDARD BOOK NUMBER
ISBN 9789387295223
100 ## - MAIN ENTRY--AUTHOR
Author Shroff Menon
245 ## - TITLE STATEMENT
Title International encyclopedia of human geography
260 ## - PUBLICATION, DISTRIBUTION, ETC. (IMPRINT)
Place of publication Delhi
Name of publisher Amiga press inc
Date of publication 2019
300 ## - COLLATION
Pagination Viii,236p.
Other physical details ill.
650 ## - TRACINGS
Main Subject Human geography-encyclopedia
942 ## - ADDED ENTRY ELEMENTS (KOHA)
Item type Books
050 ## - LIBRARY OF CONGRESS CALL NUMBER
Classification number GF41
Item number .S47
Holdings
Source of classification or shelving scheme Not for loan Permanent location Current location Date acquired Accession No. Full call number Barcode. Koha item type
Library of Congress Classification   Samuel Ogbemudia Main Library, University of Abuja Samuel Ogbemudia Main Library, University of Abuja 06/24/2025 2025/65035 GF41.S47 2025-2659 Books